000 00691nam a2200229 a 4500
999 _c1329
_d1329
001 1329
003 BD-JhCC
005 20171018092313.0
008 171018s1994 bg a|||| ||a| 000 0 ben d
020 _a9840729942
035 _a(BD-JhCC)1329
040 _aBD-JhCC
_dBD-JhCC
041 _aben
082 _a891.4409
_bAHM 1994
100 _aআহমেদ, মমতাজউদ্দীন
245 _aচার্লি চ্যাপলিন /
_cমমতাজউদ্দীন আহমেদ,
260 _aঢাকা :
_bবাংলা একাডেমী,
_c1994
300 _a110 p.;
_c24 cm.
650 _aEnglish Literature
942 _2ddc
_cBK